书目信息 |
| 题名: |
为农思考20年
|
|
| 作者: | 田建中 著 | |
| 分册: | ||
| 出版信息: | 北京 中国和平出版社 2006 |
|
| 页数: | 206页 | |
| 开本: | 21cm | |
| 丛书名: | ||
| 单 册: | ||
| 中图分类: | F32-53 | |
| 科图分类: | ||
| 主题词: | 农村经济--研究--中国 , 农民--问题--研究--中国 , 农业经济--研究--中国 , 农村经济 , 农民 , 农业经济 | |
| 电子资源: | ||
| ISBN: | 7-80201-363-1 | |
| 000 | 01022nam0 2200289 450 | |
| 001 | 010700017152 | |
| 005 | 20061123145253.95 | |
| 010 | @a7-80201-363-1@dCNY18.00 | |
| 100 | @a20060224d2006 em y0chiy0110 ea | |
| 101 | 0 | @achi |
| 102 | @aCN@b110000 | |
| 105 | @ay z 000yy | |
| 200 | 1 | @a为农思考20年@9wei nong si kao 20 nian@e一个乡镇基层干部的探索@f田建中著 |
| 210 | @a北京@c中国和平出版社@d2006 | |
| 215 | @a206页@d21cm | |
| 330 | @a本书内容分为:农村经济问题、农村土地问题、农村民主管理三大部分,作者结合自己长期在农村基层工作的经验,对区域经济、农民就业、农村土地、农村政治体制改革等一系列问题提出了切实而尖锐的思考。 | |
| 517 | 1 | @a一个乡镇基层干部的探索@9yi ge xiang zhen ji ceng gan bu de tan suo |
| 606 | 0 | @a农村经济@x研究@y中国 |
| 606 | 0 | @a农民@x问题@x研究@y中国 |
| 606 | 0 | @a农业经济@x研究@y中国 |
| 606 | 0 | @a农村经济 |
| 606 | 0 | @a农民 |
| 606 | 0 | @a农业经济 |
| 690 | @aF32-53@v3 | |
| 701 | 0 | @a田建中@9tian jian zhong@4著 |
| 801 | 0 | @aCN@bRENTIAN@c20061123 |
| 905 | @a10447@dF32-53@e68 | |
| 为农思考20年:一个乡镇基层干部的探索/田建中著.-北京:中国和平出版社,2006 |
| 206页;21cm |
| ISBN 7-80201-363-1:CNY18.00 |
| 本书内容分为:农村经济问题、农村土地问题、农村民主管理三大部分,作者结合自己长期在农村基层工作的经验,对区域经济、农民就业、农村土地、农村政治体制改革等一系列问题提出了切实而尖锐的思考。 |
| ● |
| 相关链接 |
|
|
|
|
正题名:为农思考20年
索取号:F32-53/68
 
预约/预借
| 序号 | 登录号 | 条形码 | 馆藏地/架位号 | 状态 | 备注 |
| 1 | 0390656 | 203906568 | 第一样本阅览室/ [索取号:F32-53/68] | 在馆 | |
| 2 | 0390657 | 203906577 | 第一借阅区/ [索取号:F32-53/68] | 在馆 | |
| 3 | 0390658 | 203906586 | 第一借阅区/ [索取号:F32-53/68] | 在馆 | |
| 4 | 0390659 | 203906595 | 第一借阅区/ [索取号:F32-53/68] | 在馆 | |
| 5 | 0390660 | 203906602 | 第一借阅区/ [索取号:F32-53/68] | 在馆 |